000 02582nam a2200601 a 4500
999 _c381436
_d381436
003 BLK
005 20250429105227.0
008 200811b bul|||||r ||||||| ||bul||
020 _a9789540914121
040 _aBLK
041 _aBUL
_cBUL
080 _aБългарска литература
_b821.163.2
_x(081)
_z821.163.2(081)
080 _aБългарска литература
_b821.163.2
_x-1
_z821.163.2-1
100 1 _aВазов, Иван Минчов
_eпърви автор
_9363396
139 _aВазов, Иван Минчов
_bВ 15
245 1 0 _aСъчинения
_bВ десет тома
_cИван Вазов, ред. Иван Гранитски, Григорий Вазов, Панков Анчев.
_nТ. 1
_pИзбавление : Стихотворения
257 _aBGR
260 _aСофия
_bЗахарий Стоянов
_c2020 -
_9209473
300 _c21 см
380 _aX
505 _tПряпорец и гусла
505 _tИзбавление
505 _tМайска китка
505 _tГусла
505 _tЕпопея на забравените
505 _tПоля и гори
505 _tИталия
505 _tСливница
505 _tЗвукове 1893
505 _tДисонанси
505 _tВ лоното на Рила
505 _rИван Д. Шишманов
_tБългарският poeta laureautus Иван Вазов (1850-1921)
505 _rКръстьо Кръстев
_tИван Вазов
505 _rПанко Анчев
_tКак да четем ранната поезия на Иван Вазов
700 _91425
_aШишманов, Иван Димитров
_eстатия от
700 _91425
_aКръстев, Кръстьо Котев
_eстатия от
700 _91425
_aАнчев, Панко Кирилов
_eстатия от
700 _91311
_aГранитски, Иван
_eред.
_qДимитров, Иван Йорданов
700 _91311
_aАнчев, Панко Кирилов
_eред.
700 1 _944970
_aВазов, Григорий Цветанов
_eред.
760 1 _aВазов, Иван Минчов
_dСофия, 2020
_h784 с.
_tТ. 1 Избавление : Стихотворения
852 _aЦб 305752
_bЦб
856 _i0.00
_ldisable
942 _cKNG
_n0
_s1
_03
944 _c2020-08-11
_k30531
_lЦветелина Шанова
999 _d381436
999 _d381436
999 _d381436
999 _d381436
999 _d381436
999 _d381436
999 _d381436